NFL Retired Numbers - Statistics

General Stats
  • This quiz has been taken 606 times
  • The average score is 14 of 26
Answer Stats
Team Number Player % Correct
Miami Dolphins #13 Dan Marino
93%
Buffalo Bills #12 Jim Kelly
87%
Cleveland Browns #32 Jim Brown
81%
San Francisco 49ers #80 Jerry Rice
80%
New York Jets #12 Joe Namath
80%
New York Giants #56 Lawrence Taylor
80%
Detroit Lions #20 Barry Sanders
79%
Denver Broncos #7 John Elway
79%
Green Bay Packers #15 Bart Starr
68%
Tennessee Titans #1 Warren Moon
67%
Indianapolis Colts #19 Johnny Unitas
66%
Pittsburgh Steelers #75 Joe Greene
65%
St. Louis Rams #28 Marshall Faulk
64%
Tampa Bay Buccaneers #99 Warren Sapp
60%
Minnesota Vikings #10 Fran Tarkenton
55%
San Diego Chargers #14 Dan Fouts
52%
Chicago Bears #51 Dick Butkus
48%
Philadelphia Eagles #20 Brian Dawkins
47%
Kansas City Chiefs #16 Len Dawson
47%
Seattle Seahawks #71 Walter Jones
30%
Washington Redskins #33 Sammy Baugh
24%
New Orleans Saints #57 Rickey Jackson
22%
Carolina Panthers #51 Sam Mills
19%
Cincinnati Bengals #54 Bob Johnson
17%
Arizona Cardinals #8 Larry Wilson
15%
New England Patriots #40 Mike Haynes
8%
No matching quizzes found
Score Distribution
Percent of People with Each Score
Percentile by Number Answered
Your Score History
You have not taken this quiz